| 000 | 00526nam a2200193 i 4500 | ||
|---|---|---|---|
| 001 | bg | ||
| 100 | 1 | _aGASIAK, Grzegorz | |
| 245 | 0 |
_aMechanika ośrodków pękania / _cGrzegorz Gasiak. |
|
| 260 |
_aOpole : _bWyższa Szkoła Inż., _c1983. |
||
| 300 |
_as. 256 : _brys. |
||
| 490 | 1 |
_aSkrypt Uczelniany ; _vNr 78 |
|
| 504 | _a[Zawiera bibliogr. s. 255-256]. | ||
| 830 | _aSkrypt Uczelniany ; | ||
| 040 | _cBPK | ||
| 041 | _apol | ||
| 080 | _a539.3/.6(075.8) | ||
| 942 | _cKS | ||
| 008 | s pl f |000 0 pol | ||
| 999 |
_c22094 _d22094 |
||
| 856 |
_uhttp://koha.tu.koszalin.pl/cgi-bin/koha/opac-detail.pl?biblionumber=22094 _yKatalog online BPK |
||